Responses for Show #5101 - Monday, November 13, 2006

2006 Celebrity Jeopardy! game 4.
From Radio City Music Hall in New York City.

Contestants

[<< previous game]

Neil Patrick Harris, an actor from How I Met Your Mother

Bebe Neuwirth, an actress from Frasier and the Broadway revival of Chicago

James Denton, an actor from Desperate Housewives

[next game >>]

Jeopardy! Round responses

GRAND CENTRAL STATION
NEW TABLOID DUOS
(Alex: You have to identify the two people who make up each duo.)
HOW I MET YOUR MOTOR
PLAYBILL
(Alex: The Broadway magazine.)
SNAKES ON A GAME
3-LETTER WORDS
(Alex: It sounds easy.)
    $200 11
Michael Jordan

Neil
    $200 17
Lancelot & Guinevere

Neil
    $200 21
motorcycle

James
    $200 3
The Lion King

James
    $200 12
smell

James
    $200 1
a bow

Neil
    $400 15
Jackie Kennedy

Bebe
    $400 18
(Neil: Who are Bill and Linda Gates?)
...
(Alex: You were on the right track, Neil, but it's [*].)
(Neil: Oh, Melinda. Of course, sorry.)

Bill & Melinda Gates

Neil
Triple Stumper
    $400 22
Detroit

Neil
    $400 5
Tarzan

Neil
    $400 13
a sidewinder

James
    $400 2
raw

Bebe
    $600 16
Men In Black

Neil
    $600 19
Liza Minnelli & David Gest

Neil
    $600 6
Hairspray

Neil
    $600 14
a cobra

Bebe
    $600 4
a jab

Neil
    $800 20
(Alex: Minute to go, now.)
(James: I'd better get that one right.)

Felicity Huffman & William H. Macy

James
    $800 7
Marvin Hamlisch

Bebe
    $800 24
[The end-of-round signal sounds.]

rattlesnake

Neil
    $800 9
mud

Neil
    $4,200 23
Charles & Camilla Parker Bowles

Neil
    $1000 8
Everage

Bebe
    $1000 10
Guy

Bebe

Scores at the first commercial break (after clue 16):

James Bebe Neil
$800 $4,200 $3,400

Scores at the end of the Jeopardy! Round:

James Bebe Neil
$1,800 $4,200 $9,200

Double Jeopardy! Round responses

NOTABLE NAMES
NEIL! PATRICK! HARRIS!
WORLD CAPITALS
DESPERATE WHITE HOUSE
MAGAZINES
LILITH FAIR
    $400 22
(Alex: Less than a minute to go now.)

Amelia Earhart

James
    $400 7
Neil Armstrong

James
    $400 2
Paris

Bebe
    $400 1
Clinton

Bebe
    $400 14
Mad

Bebe
    $400 21
Sarah McLachlan

James
    $800 24
William Randolph Hearst

James
    $800 12
Patrick Henry

James
    $800 3
(Bebe: What is St.--what is [*]?)

Moscow

Bebe
    $800 8
Abraham Lincoln

Triple Stumper
    $800 15
Digest

Neil
    $1200 13
Richard Harris

Bebe
    $800 4
Cairo

Bebe
    $2,200 9
Richard Nixon

James
    $1200 18
People

James
    $1600 26
(James: Who is Nicola Tesla?)
[The end-of-round signal sounds.]

Thomas Edison

JamesBebe
    $1600 16
Neil Young

James
    $1600 5
Mexico City

Bebe
    $1600 10
Ronald Reagan

James
    $1600 19
Rolling Stone

Bebe
    $2000 25
(Bebe: Who was Nicholas?)

Peter

Bebe
Triple Stumper
    $2000 17
Patrick Ewing

Neil
    $2000 6
(Bebe: What is Den Haag?)

Amsterdam

Bebe
Triple Stumper
    $2000 11
Herbert Hoover

Triple Stumper
    $2000 20
National Geographic

Neil
    $2000 23
Lisa Loeb

Neil

Scores at the end of the Double Jeopardy! Round:

James Bebe Neil
$9,600 $9,000 $16,000

[wagering suggestions for these scores]

Final Jeopardy! Round responses

THE ENCYCLOPEDIA BRITANNICA
(Alex: [To Bebe] [*] and Charlie McCarthy and Mortimer Snerd. You were thinking of those, huh?)
...
(Alex: It's up to Neil Patrick Harris. Did he remem--he's to young to remember [*] maybe.)
(Neil: I do like the variety.)
BebeWho was Edgar Bergen
$9,000
JamesWho [squiggle]
$9,600
NeilWho is Edgar Bergen?
$3,201
Edgar Bergen

Final scores:

James Bebe Neil
$0 $18,000 $19,201
3rd place: $25,000 to Peyton Manning's PeyBack Foundation and Mothers Against Cancer benefiting the Texas Children's Cancer Center 2nd place: $25,000 to Broadway Cares and Equity Fights AIDS Winner: $50,000 to Food on Foot

Game dynamics:

Coryat scores:

James Bebe Neil
$8,600 $9,400 $12,800
14 R
(including 1 DD),
1 W
15 R
(including 1 DD),
2 W
16 R
(including 1 DD),
1 W

Combined Coryat: $30,800

[game clues] [game scores] [suggest correction]

Game tape date: 2006-10-05
The J! Archive is created by fans, for fans. Scraping, republication, monetization, and malicious use prohibited; this site may use cookies and collect identifying information. See terms. The Jeopardy! game show and all elements thereof, including but not limited to copyright and trademark thereto, are the property of Jeopardy Productions, Inc. and are protected under law. This website is not affiliated with, sponsored by, or operated by Jeopardy Productions, Inc. Join the discussion at JBoard.tv.